000
00284nam a2200121Ia 4500
008
241002s9999 xx 000 0 und d
082
_a
962.053 BRE
100
_a
Breasted, James Henry
245
2
_a
A History of Egypt
260
_a
New York:
_c
1967
600
_a
History
942
_c
UC
999
_c
18588
_d
18588